Integrating JIT into quality management systems (Part II): a survey of construction firms (Record no. 63690)
[ view plain ]
| 000 -LEADER | |
|---|---|
| fixed length control field | 01066cam a2200217 4500 |
| 001 - CONTROL NUMBER | |
| control field | ABS62284 |
| 008 - FIXED-LENGTH DATA ELEMENTS--GENERAL INFORMATION | |
| fixed length control field | 000000n2000 000 0 eng u |
| 035 ## - SYSTEM CONTROL NUMBER | |
| System control number | (Sirsi) u106341 |
| 100 ## - MAIN ENTRY--PERSONAL NAME | |
| Personal name | Pheng, L.S. |
| 245 ## - TITLE STATEMENT | |
| Title | Integrating JIT into quality management systems (Part II): a survey of construction firms |
| 260 ## - PUBLICATION, DISTRIBUTION, ETC. | |
| Date of publication, distribution, etc. | 2000 |
| 490 ## - SERIES STATEMENT | |
| Series statement | Construction Information Quarterly |
| Volume/sequential designation | 2(1) 1-10(10) |
| 520 ## - SUMMARY, ETC. | |
| Summary, etc. | The starting point of this study is that the implementation of quality management and Just-in-time (JIT) systems in construction companies is unco-ordinated on the whole. Through a survey of companies attempts; to establish the similarities between ISO 9000 requirements and JIT concepts; to identify areas where ISO 9000 cncepts can be used by JIT; and to assess how much the industry is aware of ISO 9000 and JIT. References |
| 590 ## - LOCAL NOTE (RLIN) | |
| Local note | ABS |
| 650 ## - SUBJECT ADDED ENTRY--TOPICAL TERM | |
| Topical term or geographic name entry element | QUALITY MANAGEMENT SYSTEMS |
| 650 ## - SUBJECT ADDED ENTRY--TOPICAL TERM | |
| Topical term or geographic name entry element | JUST-IN-TIME TECHNIQUES |
| 650 ## - SUBJECT ADDED ENTRY--TOPICAL TERM | |
| Topical term or geographic name entry element | CONSTRUCTION INDUSTRY |
| 650 ## - SUBJECT ADDED ENTRY--TOPICAL TERM | |
| Topical term or geographic name entry element | PRODUCTIVITY |
| 690 ## - LOCAL SUBJECT ADDED ENTRY--TOPICAL TERM (OCLC, RLIN) | |
| Topical term or geographic name as entry element | BUILDING AND CONSTRUCTION-MANAGEMENT |
| 942 ## - ADDED ENTRY ELEMENTS (KOHA) | |
| Suppress in OPAC | 0 |
| Withdrawn status | Lost status | Source of classification or shelving scheme | Damaged status | Not for loan | Home library | Current library | Shelving location | Date acquired | Total Checkouts | Full call number | Barcode | Date last seen | Copy number | Price effective from | Koha item type |
|---|---|---|---|---|---|---|---|---|---|---|---|---|---|---|---|
| Dewey Decimal Classification | London | London | Journal article | 07/06/2000 | ABS62284 | 106341-1001 | 06/08/2019 | 1 | 06/08/2019 | Journal article |